000
00290nam a2200133Ia 4500
100
_a
Xavier/ Eugene/S.P
942
_c
BK
654
_a
automata
245
_a
Theory of Automata
260
_b
New Age Interational Ltd.
_c
2004
082
_a
511.3
_b
XAV
300
_a
347
546
_a
ENGLISH
999
_c
18738
_d
18738